000 00665nam a22002055i 4500
001 171378
003 ES-MaACL
005 20230906214621.0
008 090513s1910 fr |||| | fre d
080 _a821.133.1-31.09"14"
100 1 _aSöderhjelm, Werner.
_9140103
245 1 3 _aLa nouvelle française au XVe siècle /
_cWerner Soderhjelm.
260 _aParis :
_bH. Champion,
_c1910.
300 _a237 p. ;
_c24 cm.
490 1 _aBibliothèque du XVe siècle ;
_v12
650 4 _aNovela francesa-
_zS.XV-
_xHistoria y crítica.
_9140104
830 0 _aBibliothèque du XVe siècle ;
_v12
_9189017
852 _aES-MaACL
_jC-1651
999 _c171378
_d171378